La investigación-participativa como proceso de educación crítica. Lineamientos metodológicos

সংরক্ষণ করুন:
গ্রন্থ-পঞ্জীর বিবরন
প্রধান লেখক: Le Boterf, Guy
বিন্যাস: পাঠ‍্য
প্রকাশিত: Guatemala: UNESCO. Proyecto Regional
ট্যাগগুলো: ট্যাগ যুক্ত করুন
কোনো ট্যাগ নেই, প্রথমজন হিসাবে ট্যাগ করুন!

MARC

LEADER 00000 a a2200000 04500
001 15508
003
040
090 |a 019200  
100 |a Le Boterf, Guy  
245 |a La investigación-participativa como proceso de educación crítica. Lineamientos metodológicos  
260 |a Guatemala:   |b UNESCO. Proyecto Regional  
300 |a 61 p.  
999 |c 4771  |d 4771